Postavenie a vzťahy oblastného plánovania v systéme národohospodárskeho plánovania kandidátska dizertačná práca

Enregistré dans:
Détails bibliographiques
Auteur principal: Mikušová, Karolína
Collectivité auteur: Vysoká škola ekonomická v Bratislave. Národohospodárska fakulta
Autres auteurs: Buček, Milan
Format: Livre
Langue:slovaque
Publié: Bratislava 1981
Tags: Ajouter un tag
Pas de tags, Soyez le premier à ajouter un tag!

MARC

LEADER 00000nam a2200000 4500
001 c026666
005 20230116121613.3
041 0 |a slo 
044 |a SK 
245 1 0 |a Postavenie a vzťahy oblastného plánovania v systéme národohospodárskeho plánovania  |b kandidátska dizertačná práca  |c Karolína Mikušová ; ved. práce Milan Buček 
264 1 |a Bratislava  |c 1981 
300 |a 169 s. 
100 1 |a Mikušová, Karolína 
700 1 |a Buček, Milan 
710 2 |a Vysoká škola ekonomická v Bratislave. Národohospodárska fakulta